Investičné stimuly a ich vplyv na rozvoj regiónu

Jednou z možností prilákania zahraničných, ale i domácich investorov do zaostalejších regiónov s nižšou úrovňou HDP, nižšou produktuivitou práce a vysokou nezamestnanosťou, je aj poskytovanie investičných stimulov. Pravidlá poskytovania štátnej pomoci a investičných stimulov v SR. PZI v SR a v Žilin...

Descrizione completa

Salvato in:
Dettagli Bibliografici
Autore principale: Kucharčíková, Alžbeta
Altri autori: Šujanský, Jozef
Natura: Capitolo di libro
Lingua:slovacco
Soggetti:
Tags: Aggiungi Tag
Nessun Tag, puoi essere il primo ad aggiungerne!!

MARC

LEADER 00000naa$a2200000$$$4500
001 0061412
005 20220504131117.5
041 0 |a slo 
044 |a CZ 
245 1 0 |a Investičné stimuly a ich vplyv na rozvoj regiónu  |c Alžbeta Kucharčíková, Jozef Šujanský 
520 |a Jednou z možností prilákania zahraničných, ale i domácich investorov do zaostalejších regiónov s nižšou úrovňou HDP, nižšou produktuivitou práce a vysokou nezamestnanosťou, je aj poskytovanie investičných stimulov. Pravidlá poskytovania štátnej pomoci a investičných stimulov v SR. PZI v SR a v Žilinskom kraji. Iné formy a nástroje podpory rozvoja regiónov. Vplyv PZI na rozvoj regiónov a trh práce. 
610 2 0 |a regióny 
610 2 0 |a rozvoj regionálny 
610 2 0 |a Slovensko 
610 2 0 |a investície priame zahraničné 
610 2 0 |a stimuly 
610 2 0 |a podpora podnikania 
610 2 0 |a štát 
100 1 |a Kucharčíková, Alžbeta 
700 1 |a Šujanský, Jozef